000 00595nam a22002297a 4500
003 UA-OsUOA
001 30147
007 ta
008 20041105b un ||||| |||| 00| 0 ukr d
090 _a913(109)
_bС83
942 _cBK
040 _aUA-OsUOA
_brus
_cUA-OsUOA
_dUA-OsUOA
245 _aСтраны мира
_bКраткий политическо-экономический справочник
300 _a463 с.
955 _a0
041 _arus
080 _a913(109)
260 _aМосква
_bПолитиздат
_c1983
044 _aRU
650 7 _2UDC
999 _c316554
_d316554